The 7 : (Record no. 15635)
[ view plain ]
| 000 -LEADER | |
|---|---|
| fixed length control field | 02210cam a2200373 a 4500 |
| 001 - CONTROL NUMBER | |
| control field | 16548509 |
| 005 - DATE AND TIME OF LATEST TRANSACTION | |
| control field | 20110504172627.0 |
| 008 - FIXED-LENGTH DATA ELEMENTS--GENERAL INFORMATION | |
| fixed length control field | 101122s2011 nyu 000 0deng |
| 010 ## - LIBRARY OF CONGRESS CONTROL NUMBER | |
| LC control number | 2010046042 |
| 020 ## - INTERNATIONAL STANDARD BOOK NUMBER | |
| International Standard Book Number | 1451625510 |
| 020 ## - INTERNATIONAL STANDARD BOOK NUMBER | |
| International Standard Book Number | 9781451625516 |
| 035 ## - SYSTEM CONTROL NUMBER | |
| System control number | (OCoLC)ocn683247682 |
| 040 ## - CATALOGING SOURCE | |
| Original cataloging agency | DLC |
| Transcribing agency | DLC |
| Modifying agency | IG# |
| -- | UPZ |
| -- | ZPX |
| -- | BTCTA |
| -- | FN4 |
| -- | YDXCP |
| -- | ORX |
| -- | BWX |
| -- | DLC |
| 042 ## - AUTHENTICATION CODE | |
| Authentication code | pcc |
| 050 00 - LIBRARY OF CONGRESS CALL NUMBER | |
| Classification number | BF637.S4 |
| Item number | B3957 2011 |
| 082 00 - DEWEY DECIMAL CLASSIFICATION NUMBER | |
| Classification number | 158.1 |
| Edition number | 22 |
| Item number | BEC |
| 100 1# - MAIN ENTRY--PERSONAL NAME | |
| Personal name | Beck, Glenn. |
| 9 (RLIN) | 25538 |
| 245 14 - TITLE STATEMENT | |
| Title | The 7 : |
| Remainder of title | Seven Wonders that will Change Your Life / |
| Statement of responsibility, etc | Glenn Beck and Keith Ablow. |
| 246 3# - VARYING FORM OF TITLE | |
| Title proper/short title | Seven |
| 260 ## - PUBLICATION, DISTRIBUTION, ETC. (IMPRINT) | |
| Place of publication, distribution, etc | New York : |
| Name of publisher, distributor, etc | Threshold Editions/Mercury Radio Arts, 2011 |
| Date of publication, distribution, etc | 2011. |
| 300 ## - PHYSICAL DESCRIPTION | |
| Extent | 289 p. ; |
| Dimensions | 22 cm. |
| 505 0# - FORMATTED CONTENTS NOTE | |
| Formatted contents note | Glenn: a personal note -- Keith: the how, why and way of this book -- Glenn: my darkest moment -- Keith: the first wonder : courage -- Glenn: has god forsaken me? -- Keith: the second wonder : faith -- Glenn: why can't i just wish it away? -- Keith: the third wonder : truth -- Glenn: isn't there anyone to hate? -- Keith: the fourth wonder : compassion -- Glenn: I called you my friends -- Keith: the fifth wonder : friendship -- Glenn: isn't it my life, period? -- Keith: the sixth wonder : family -- Glenn: what do I know without having to think so much about it? -- Keith: the seventh wonder : common sense -- Helping others to heal -- Leading with the seven wonders. |
| 520 ## - SUMMARY, ETC. | |
| Summary, etc | Radio and television personality and #1 bestselling author Beck, together with psychiatrist Ablow, shares the inspirational story of the seven simple principles that changed Beck's life. |
| 600 10 - SUBJECT ADDED ENTRY--PERSONAL NAME | |
| Personal name | Beck, Glenn. |
| 9 (RLIN) | 25539 |
| 600 10 - SUBJECT ADDED ENTRY--PERSONAL NAME | |
| Personal name | Ablow, Keith R. |
| 9 (RLIN) | 25540 |
| 650 #0 - SUBJECT ADDED ENTRY--TOPICAL TERM | |
| Topical term or geographic name as entry element | Self-actualization (Psychology) |
| 9 (RLIN) | 25541 |
| 650 #0 - SUBJECT ADDED ENTRY--TOPICAL TERM | |
| Topical term or geographic name as entry element | Self-realization. |
| 9 (RLIN) | 25542 |
| 650 #0 - SUBJECT ADDED ENTRY--TOPICAL TERM | |
| Topical term or geographic name as entry element | Conduct of life. |
| 9 (RLIN) | 25543 |
| 653 ## - INDEX TERM--UNCONTROLLED | |
| Resource For college | |
| Arrived date list | June2011 |
| Resource For college | |
| Arrived date list | June2011 |
| 700 1# - ADDED ENTRY--PERSONAL NAME | |
| Personal name | Ablow, Keith R. |
| 9 (RLIN) | 25544 |
| 942 ## - ADDED ENTRY ELEMENTS (KOHA) | |
| Source of classification or shelving scheme | Dewey Decimal Classification |
| Item type | Book - Borrowing |
| Withdrawn status | Item status | Source of classification or shelving scheme | Damaged status | Not for loan | Vendor | Home library | Current library | Shelving location | Date acquired | Source of acquisition | Cost, normal purchase price | Serial Enumeration / chronology | Total Checkouts | Total Renewals | Full call number | Barcode | Date last seen | Date last borrowed | Koha item type |
|---|---|---|---|---|---|---|---|---|---|---|---|---|---|---|---|---|---|---|---|
| Dewey Decimal Classification | Baccah | Central Library | Central Library | Lower Floor | 19/06/2011 | 201.00 | 12512 | 9 | 36 | 158.1 BEC | 000024262 | 15/07/2025 | 12/09/2022 | Book - Borrowing |